000 00312nam a22001217a 4500
082 _a954.9045 IND'O
100 _aGOVT OF PAKISTAN
_911105
245 _aINDO PAKISTAN WAR A FLASH BACK
260 _aRAWALPINDI
_bGOVERNMENT OF PAKISTAN
_c1966
300 _a99P
650 _aINDO PAKISTAN WAR
_956837
942 _cBK
999 _c567175
_d567175